| 000 | 00881nam a2200241 a 4500 | ||
|---|---|---|---|
| 001 | 10850 | ||
| 003 | CO-ViMGA | ||
| 008 | 141112s2004 ck r 000 u spa d | ||
| 020 | _a958643151 | ||
| 040 |
_aCO-ViMGA _bspa _cCO-ViMGA |
||
| 082 | 0 | 4 | _a327.8600942 S17 |
| 100 | 1 |
_aSantander ; Francisco de Paula, _96435 |
|
| 245 | 1 | 0 | _aSantander y los ingleses 1832 - 1840. |
| 260 |
_aSantafé de Bogotá : _bPresidencia de la República, _c1991 |
||
| 300 | _a491p. | ||
| 490 | _aBiblioteca de la presidencia de la República, Administración Cesar Gaviria Trujillo | ||
| 500 | _aTomo I, II. | ||
| 650 | 1 | 4 |
_aCOLOMBIA - Política Y GOBIERNO 1832 - 1840 _914838 |
| 650 | 1 | 4 |
_aCOLOMBIA - RELACIONES EXTERIORES INGLATERRA 1832 - 1840 _914839 |
| 650 | 1 | 4 |
_aINGLATERRA - Política Y GOBIERNO 1832 - 1840 _914840 |
| 650 | 1 | 4 | _aSANTANDER FRANCISCO DE PAULA 1792 - 1840 |
| 942 |
_2ddc _cBK |
||
| 999 |
_c22070 _d22070 |
||